Death in the freezer : Oxford Bookworms 2

Ellen Shore's family is an ordinary American family, but Ellen Shore is not happy when her brother Al is born, because her parents think that a son is more important than a daughter. Anh when she is an adult, she goes on hating him. She has three young kids, no husband, and very little money. B...

全面介绍

Đã lưu trong:
书目详细资料
主要作者: Vicary, Tim
格式: 图书
语言:Undetermined
出版: Oxford Oxford Univ. Press 1998
主题:
标签: 添加标签
没有标签, 成为第一个标记此记录!
Thư viện lưu trữ: Trung tâm Học liệu Trường Đại học Cần Thơ
LEADER 01204nam a2200229Ia 4500
001 CTU_34889
008 210402s9999 xx 000 0 und d
020 |c 16000 
082 |a 823.9 
082 |b V629d 
100 |a Vicary, Tim 
245 0 |a Death in the freezer : 
245 0 |b Oxford Bookworms 2 
245 0 |c Tim Vicary 
260 |a Oxford 
260 |b Oxford Univ. Press 
260 |c 1998 
520 |a Ellen Shore's family is an ordinary American family, but Ellen Shore is not happy when her brother Al is born, because her parents think that a son is more important than a daughter. Anh when she is an adult, she goes on hating him. She has three young kids, no husband, and very little money. But Al is rich. He is a famous rock star now, with lost of expensive cars, a beautiful big house, and a life of parties and travel. Ellen cleans his house, cooks for his parties, even steals drugs for him from the hospital whrere she works. Anh Al gives her nothing. So Ellen begins to make secret plans for her brother... 
650 |a English fiction,English literature 
650 |y 20th century 
904 |i Minh, Trong Hieu 
980 |a Trung tâm Học liệu Trường Đại học Cần Thơ